Statystyki dla Państwa z największym spożyciem kawy

Kliknij tutaj aby rozwiązać quiz!

Ogólne statystyki

  • Ten quiz został rozwiązany 46 razy
  • Średni wynik to 21 z 30

Statystyki odpowiedzi

KilogramyPaństwo% Poprawnych
4,8Brazylia
97%
3,1Polska
97%
5,2Niemcy
92%
3,1Stany Zjednoczone
92%
3,4Włochy
92%
5,3Dania
89%
9,6Finlandia
89%
3,0Hiszpania
89%
6,7Holandia
86%
3,4Kanada
86%
7,2Norwegia
86%
2,6Portugalia
86%
6,5Szwecja
86%
5,5Austria
84%
4,9Belgia
81%
3,2Francja
81%
2,6Australia
70%
3,3Litwa
70%
5,4Serbia
70%
3,9Szwajcaria
70%
3,1Węgry
68%
4,2Estonia
62%
6,1Słowenia
62%
3,8Chorwacja
59%
4,3Bośnia i Hercegowina
57%
3,6Macedonia Północna
46%
2,6Korea Południowa
30%
2,6Algieria
22%
3,7Kostaryka
19%
3,7Dominikana
16%

Rozkład punktacji

Percentyl według liczby udzielonych odpowiedzi

Procent ludzi z każdym wynikiem

Twoja historia wyników

Nie rozwiązałeś tego quizu